Current issues in the termination of construction contracts (Record no. 71826)

MARC details
000 -LEADER
fixed length control field 00845cam a2200217 4500
001 - CONTROL NUMBER
control field ABS66197
008 - FIXED-LENGTH DATA ELEMENTS--GENERAL INFORMATION
fixed length control field 021219n2002 000 0 eng u
035 ## - SYSTEM CONTROL NUMBER
System control number (Sirsi) u120848
100 ## - MAIN ENTRY--PERSONAL NAME
Personal name Lincoln, B
245 ## - TITLE STATEMENT
Title Current issues in the termination of construction contracts
260 ## - PUBLICATION, DISTRIBUTION, ETC.
Date of publication, distribution, etc. 2002
490 ## - SERIES STATEMENT
Series statement International Construction Law Review
Volume/sequential designation 19(4) October 2002, 488-509(22)
520 ## - SUMMARY, ETC.
Summary, etc. Looks at present position regarding the termination of construction contracts, citing various cases. Particular attention is paid to the doctrine of election, which involves a choice by a third party to a contract between inconsistent rights.
590 ## - LOCAL NOTE (RLIN)
Local note ABS
650 ## - SUBJECT ADDED ENTRY--TOPICAL TERM
Topical term or geographic name entry element ELECTION
650 ## - SUBJECT ADDED ENTRY--TOPICAL TERM
Topical term or geographic name entry element THIRD PARTIES
650 ## - SUBJECT ADDED ENTRY--TOPICAL TERM
Topical term or geographic name entry element INTERNATIONAL LAW
690 ## - LOCAL SUBJECT ADDED ENTRY--TOPICAL TERM (OCLC, RLIN)
Topical term or geographic name as entry element BUILT ENVIRONMENT-BUILDING CONTRACT FORMS
700 ## - ADDED ENTRY--PERSONAL NAME
Personal name Aistrope, K
942 ## - ADDED ENTRY ELEMENTS (KOHA)
Suppress in OPAC 0
Holdings
Withdrawn status Lost status Source of classification or shelving scheme Damaged status Not for loan Home library Current library Shelving location Date acquired Total Checkouts Full call number Barcode Date last seen Copy number Price effective from Koha item type
    Dewey Decimal Classification     London London Journal article 19/12/2002   ABS66197 120848-1001 06/08/2019 1 06/08/2019 Journal article